Camille / (Record no. 7219)
[ view plain ]
| 000 -LEADER | |
|---|---|
| fixed length control field | 01010cam a2200313I 4500 |
| 001 - CONTROL NUMBER | |
| JCCL Control Number | 7219 |
| 003 - CONTROL NUMBER IDENTIFIER | |
| JCCL marc code | BD - Jhcc |
| 005 - DATE AND TIME OF LATEST TRANSACTION | |
| control field | 20180418165414.0 |
| 008 - FIXED-LENGTH DATA ELEMENTS--GENERAL INFORMATION | |
| fixed length control field | 751027s1925 nyu 000 0 eng d |
| 035 ## - SYSTEM CONTROL NUMBER | |
| system control number | MITb10416243 |
| 035 ## - SYSTEM CONTROL NUMBER | |
| system control number | (BD - Jhcc)7219 |
| 035 ## - SYSTEM CONTROL NUMBER | |
| system control number | GLIS00416243 |
| 040 ## - CATALOGING SOURCE | |
| Original cataloging agency | JPL |
| Transcribing agency | JPL |
| Modifying agency | OCL |
| -- | m/c |
| -- | MYG |
| -- | BD - Jhcc |
| 041 ## - LANGUAGE CODE | |
| Language code of Book | eng |
| 082 ## - DEWEY DECIMAL CLASSIFICATION NUMBER | |
| Author mark and Year | DUM 1925 |
| Classification number | 843.89 |
| 090 ## - LOCALLY ASSIGNED LC-TYPE CALL NUMBER (OCLC); LOCAL CALL NUMBER (OCLC) | |
| Classification number (OCLC) (R) ; Classification number, CALL (RLIN) (NR) | PQ2231.D3 |
| Local cutter number (OCLC) ; Book number/undivided call number, CALL (RLIN) | E5 1925 |
| 099 ## - LOCAL FREE-TEXT CALL NUMBER | |
| Classification number | PQ2231.D3.E5 1925 |
| 100 1# - MAIN ENTRY--PERSONAL NAME | |
| Personal name | Dumas, Alexandre, |
| Dates associated with a name | 1824-1895. |
| 245 10 - TITLE STATEMENT | |
| Title | Camille / |
| Statement of responsibility, etc | by Alexandre Dumas, fils; introduction by Edmund Gosse. |
| 260 ## - PUBLICATION, DISTRIBUTION, ETC. (IMPRINT) | |
| Place of publication, distribution, etc | New York, |
| Name of publisher, distributor, etc | The Modern library |
| Date of publication, distribution, etc | [1925?] |
| 300 ## - PHYSICAL DESCRIPTION | |
| Pagination | xv, 270 p. |
| Dimensions | 19 cm. |
| 490 1# - SERIES STATEMENT | |
| Series statement | Modern library of the world's best books |
| 650 ## - SUBJECT ADDED ENTRY--TOPICAL TERM | |
| Topical term or geographic name as entry element | French drama |
| 700 1# - ADDED ENTRY--PERSONAL NAME | |
| Personal name | Dumas, Alexandre, |
| Dates associated with a name | 1824-1895. |
| Title of a work | Dame aux cam�lias (Novel) |
| 830 #0 - SERIES ADDED ENTRY--UNIFORM TITLE | |
| Uniform title | Modern library of the world's best books. |
| 942 ## - ADDED ENTRY ELEMENTS (KOHA) | |
| Source of classification or shelving scheme | Dewey Decimal Classification |
| Koha item type | Books |
| 949 ## - LOCAL PROCESSING INFORMATION (OCLC) | |
| a | MYGH |
| b | 39080005913394 |
| -- | 39080004406960 |
| Source of classification or shelving scheme | Damaged status | Not for loan | Home library | Current library | Shelving location | Total Checkouts | Full call number | Barcode | Date last seen | Copy number | Koha item type |
|---|---|---|---|---|---|---|---|---|---|---|---|
| Dewey Decimal Classification | JCC Rouf Library | JCC Rouf Library | General Stacks | 843.89 DUM 1925 | 9548 | 02/06/2018 | C - 1 | Books |